| 000 | 01382nac a22003251i 4500 | ||
|---|---|---|---|
| 003 | EG-ScBUE | ||
| 005 | 20240226112231.0 | ||
| 008 | 121126s1997 ua o f b 000 0 ara d | ||
| 040 |
_aEG-ScBUE _bara _erda _cEG-ScBUE _dEG-ScBUE |
||
| 041 | 1 |
_aara _hfre |
|
| 043 | _af-ua--- | ||
| 082 | 0 | 4 |
_a962.32 _bج ا ر _222 |
| 100 | 1 |
_aجارسان، جان كلود، _d1934-2021، _eمؤلف. |
|
| 240 | 1 | 0 |
_aUn centre Musulman de la haute-Egupte medievale : Qus. _lArabic |
| 245 | 1 | 0 |
_aازدهار وانهيار حاضرة مصرية : _bقوص / _cتأليف جان-كلود جارسان ؛ ترجمة بشير السباعي. |
| 250 | _aالطبعة الأولى. | ||
| 264 | 1 |
_aالقاهرة : _bسينا للنشر، _c1997. |
|
| 300 |
_a390 صفحة : _bصور ؛ _c24 سم |
||
| 336 |
_2rdacontent _aنص _btxt |
||
| 337 |
_aبدون وسيط _2rdamedia _bn |
||
| 338 |
_aمجلد _bnc _2rdacarrier |
||
| 504 | _aيشتمل على إرجاعات ببليوجرافية. | ||
| 546 | _aالنص باللغة العربية وتم ترجمته من اللغة الفرنسية. | ||
| 650 | 7 |
_aالآثار الإسلامية _zمصر. _2BUEsh |
|
| 651 | 7 |
_aقوص (مصر) _xتاريخ. _2BUEsh |
|
| 651 | 7 |
_aمصر _xتاريخ _yالعصر الإسلامي. _2BUEsh |
|
| 655 | _vReading book | ||
| 700 | 1 |
_aسباعي، بشير، _eمترجم. |
|
| 942 |
_cBB _2ddc |
||
| 999 |
_c7805 _d7805 |
||